Interaction design (Record no. 470)

MARC details
000 -LEADER
fixed length control field 00631nam a22002177a 4500
005 - DATE AND TIME OF LATEST TRANSACTION
control field 20250420134811.0
008 - FIXED-LENGTH DATA ELEMENTS--GENERAL INFORMATION
fixed length control field 200716b ||||| |||| 00| 0 eng d
020 ## - INTERNATIONAL STANDARD BOOK NUMBER
International Standard Book Number 9781119020752
040 ## - CATALOGING SOURCE
Transcribing agency KCST
082 ## - DEWEY DECIMAL CLASSIFICATION NUMBER
Classification number 004.019
Item number Pr In
100 ## - MAIN ENTRY--PERSONAL NAME
Personal name Preece, Jenny
9 (RLIN) 4621
245 ## - TITLE STATEMENT
Title Interaction design
Remainder of title beyond human-computer interaction /
Statement of responsibility, etc. Jenny Preece, Yvonne Rogers, Helen Sharp
250 ## - EDITION STATEMENT
Edition statement 4th edition
260 ## - PUBLICATION, DISTRIBUTION, ETC.
Place of publication, distribution, etc. Hoboken :
Name of publisher, distributor, etc. John Wiley & Sons:
Date of publication, distribution, etc. 2015.
300 ## - PHYSICAL DESCRIPTION
Extent 566 p.
650 ## - SUBJECT ADDED ENTRY--TOPICAL TERM
Topical term or geographic name entry element Human-computer interaction.
9 (RLIN) 732
700 ## - ADDED ENTRY--PERSONAL NAME
Personal name Rogers, Yvonne
9 (RLIN) 4622
700 ## - ADDED ENTRY--PERSONAL NAME
Personal name Sharp, Helen
9 (RLIN) 4623
942 ## - ADDED ENTRY ELEMENTS (KOHA)
Koha item type Book
942 ## - ADDED ENTRY ELEMENTS (KOHA)
Source of classification or shelving scheme Dewey Decimal Classification
Holdings
Withdrawn status Lost status Source of classification or shelving scheme Damaged status Not for loan Home library Current library Date acquired Cost, normal purchase price Total checkouts Full call number Barcode Date last seen Price effective from Koha item type
    Dewey Decimal Classification     KCST Library KCST Library 16/07/2020 21.82   004.019 Pr In 1000000396 16/07/2020 16/07/2020 Book
© 2025 KCST. All rights reserved